书目信息 |
| 题名: |
中国的世界遗产全程导游词. 华东卷= Complete tour commentaries for the world heritages in China. East China volume
|
|
| 作者: | 郭武备 , 罗亚平 主编 | |
| 分册: | ||
| 出版信息: | 北京 中国建筑工业出版社 2012.05 |
|
| 页数: | ||
| 开本: | ||
| 丛书名: | ||
| 单 册: | ||
| 中图分类: | K928.9 | |
| 科图分类: | ||
| 主题词: | 地理--中国 | |
| 电子资源: | ||
| ISBN: | 978-7-112-13274-4 | |
| 000 | 00807nam0 2200193 45 | |
| 001 | 1956250056 | |
| 005 | 20191106153836.91 | |
| 010 | @a978-7-112-13274-4@dRMB 59.00 | |
| 100 | @a20191106d2012 km y0chiy0120 ea | |
| 101 | 0 | @achi |
| 102 | @aCN@b110000 | |
| 200 | 1 | @a中国的世界遗产全程导游词. 华东卷= Complete tour commentaries for the world heritages in China. East China volume@Azhong guo de shi jie yi chan quan cheng dao you ci.hua dong juan=Complete tour commentaries for the world heritages in China.East China volume@f郭武备, 罗亚平主编@Fguo wu bei,luo ya ping zhu bian |
| 210 | @a北京@c中国建筑工业出版社@d2012.05 | |
| 606 | 0 | @a地理@x中国 |
| 690 | @aK928.9@v4 | |
| 701 | 0 | @a郭武备@Aguo wu bei@4主编 |
| 701 | 0 | @a罗亚平@Aluo ya ping@4主编 |
| 801 | 0 | @aCN@bPFT@c20191106 |
| 905 | @a10447@dK928.9@eG8403 | |
| 中国的世界遗产全程导游词. 华东卷= Complete tour commentaries for the world heritages in China. East China volume/郭武备, 罗亚平主编.-北京:中国建筑工业出版社,2012.05 |
| ISBN 978-7-112-13274-4:RMB 59.00 |
| ● |
| 相关链接 |
|
|
|
正题名:中国的世界遗产全程导游词. 华东卷= Comple
索取号:K928.9/G8403
 
预约/预借
| 序号 | 登录号 | 条形码 | 馆藏地/架位号 | 状态 | 备注 |
| 1 | 1306607 | 213066073 | 自科二线404/400A自科库 37排1列1层/ [索取号:K928.9/G8403] | 在馆 | |
| 2 | 1306608 | 213066082 | 社科库309/309社科库 20排4列1层/ [索取号:K928.9/G8403] | 在馆 | |
| 3 | 1306609 | 213066091 | 自科二线404/400A自科库 37排1列1层/ [索取号:K928.9/G8403] | 在馆 | |
| 4 | 1306610 | 213066108 | 自科二线404/400A自科库 37排2列2层/ [索取号:K928.9/G8403] | 在馆 | |
| 5 | 1306611 | 213066117 | 社科库309/309社科库 20排4列1层/ [索取号:K928.9/G8403] | 在馆 | |
| 6 | 1306612 | 213066126 | 自科二线404/400A自科库 37排1列1层/ [索取号:K928.9/G8403] | 在馆 |